000 00401nam a22001697a 4500
003 CEME
005 20210628205059.0
008 210224b xxu||||| |||| 00| 0 eng d
020 _a0-07-064779-8
040 _c.
082 _a620.1 TIM'T
100 _aTimoshenko, S
_935958
245 _aTheory of plates and shells
260 _aNEWYORK
_bMCGRAW HILL
_c1959
300 _a580P
942 _cBK
_2ddc
999 _c579420
_d579420